00505nam a2200133Ia 4500008004100000020001800041082002000059110005600079245002800135260005600163500003600219505004500255650007100300120629s9999 xx 000 0 und d a970-712-568-3 aCD 346.07 M479l aMéxico : Suprema Corte de Justicia de la Nación aLegislación mercantil aMéxico : Suprema Corte de Justicia de la Nación aÍndice de conceptos juridicos a1. Disco compacto : il : col : 4 3/4 plg a1. LEGISLACION MERCANTIL-MEXICO /2. PROCEDIMIENTOS CIVIL-MEXICOÌ